Текст томруулах:    
English Brainstormers! (Бичлэгийн дугаар. 145264)
000 -УДИРДЛАГА
Удирдлага 00743nam a22002537a 4500
003 - ХЯНАЛТЫН ТОО ТОДОРХОЙЛОГЧ
Код MN-UlNUM
005 - БИЧИЛТ ХИЙСЭН ОГНОО
Тухайн бичилтийг бичсэн засварласан сүүлийн огноо 20251104114213.0
008 - ЕРӨНХИЙ МЭДЭЭЛЭЛ
Ерөнхий мэдээлэл 251104s2004 nyu||||| d||| 00| ||eng d
020 ## - ISBN
ISBN 0787965839
040 ## - БИЧЛЭГ ҮҮСГЭГЧ БАЙГУУЛЛАГА
Бичлэг үүсгэгч номын сангийн код МУИС-ийн номын сан
084 ## - ББК АНГИЛАЛ
Нэмэлт тусгалт Нэг сэдэвт бүтээл
ББК ангилал 81.2
Зохиогчийн гурван тэмдэгт U 49
Мэдлэгийн ялгаа 81 - Хэл шинжлэл
100 1# - ЗОХИОГЧ
Зохиогчийн нэр Umstatter Jack
245 ## - ҮНДСЭН ГАРЧИГ
Номын нэр English Brainstormers!
Бага гарчгийн мэдээ ready-to-Use Games and Activities that make language skills fun to learn
260 ## - ГАРАЛТЫН МЭДЭЭ
Хэвлэгдсэн газар Jossey-Bass
Хэвлэлийн газар A Wiley Imprint
Хэвлэгдсэн он 2002
300 ## - МАТЕРИАЛЫН ТОДОРХОЙЛОЛТ
хуудасны тоо 292
500 ## - Тайлбар
Дансны дугаар БС 1897
546 ## - ХЭЛНИЙ ТУХАЙ МЭДЭЭ
Хэл Англи хэл дээр,
740 ## - НОМЫН ГАРЧИГ
Гарчиг This is not your grandma s grammar
740 ## - НОМЫН ГАРЧИГ
Гарчиг Playing with words
740 ## - НОМЫН ГАРЧИГ
Гарчиг Getting set for the standards
740 ## - НОМЫН ГАРЧИГ
Гарчиг Really writing and really discussing
942 ## - ЭЛЕМЕНТИЙН ТӨРӨЛ
Зүйлийн төрөл Ном